[Event "MP Reykjavik Open 2011"]
[Site "Reykjavik ISL"]
[Date "2011.03.11"]
[Round "3.36"]
[White "Sipila, Vilka"]
[Black "Braig, Frank"]
[Result "1-0"]
[WhiteElo "2347"]
[BlackElo "2105"]
[PlyCount "73"]
[EventDate "2011.03.09"]
[EventType "swiss"]
[EventRounds "9"]
[EventCountry "ISL"]
[Source "lmi"]
[SourceDate "2011.03.09"]

1. d4 d5 2. c4 e6 3. Nf3 f5 4. Nc3 Nf6 5. Bg5 c6 6. e3 Be7 7. Bd3 O-O 8. O-O h6
9. Bf4 g5 10. Bxb8 Rxb8 11. Ne5 Kg7 12. Qc2 Bd7 13. f3 Be8 14. Rac1 Nd7 15. f4
Nxe5 16. fxe5 h5 17. a3 h4 18. b4 a6 19. Be2 Bg6 20. Na4 f4 21. Bd3 Bxd3 22.
Qxd3 dxc4 23. Qxc4 fxe3 24. Rxf8 Bxf8 25. Nc3 Qd7 26. Qd3 Rd8 27. Rd1 c5 28.
Qxe3 cxd4 29. Qxg5+ Kh7 30. Qxh4+ Bh6 31. Ne4 Rf8 32. Nf6+ Rxf6 33. exf6 d3 34.
Qe4+ Kh8 35. Rxd3 Qc7 36. Rd1 Qc3 37. Rd8+ 1-0

[Event "MP Reykjavik Open 2011"]
[Site "Reykjavik ISL"]
[Date "2011.03.11"]
[Round "3.37"]
[White "Ragnarsson, Johann"]
[Black "Forsaa, Espen"]
[Result "1/2-1/2"]
[WhiteElo "2089"]
[BlackElo "2340"]
[PlyCount "84"]
[EventDate "2011.03.09"]
[EventType "swiss"]
[EventRounds "9"]
[EventCountry "ISL"]
[Source "lmi"]
[SourceDate "2011.03.09"]

1. d4 Nf6 2. c4 g6 3. Nc3 d5 4. Bf4 Bg7 5. e3 O-O 6. Rc1 c5 7. dxc5 Qa5 8. cxd5
Ne4 9. Nf3 Nxc3 10. Qd2 Qxa2 11. bxc3 Qa5 12. e4 Nd7 13. c4 Qxd2+ 14. Nxd2 Nxc5
15. Be3 b6 16. f4 e5 17. Bxc5 bxc5 18. Nb3 exf4 19. Nxc5 a5 20. Na4 Re8 21. Bd3
f5 22. c5 fxe4 23. Bb5 Rd8 24. Nb6 Rb8 25. d6 Bd4 26. d7 Bxd7 27. Bxd7 Bxc5 28.
Be6+ Kg7 29. Nd7 Bb4+ 30. Ke2 Rb7 31. Rhd1 Re8 32. Bb3 Re7 33. Ba4 h5 34. Rd5
Ba3 35. Rc2 Bb4 36. Ne5 Re6 37. Nc6 f3+ 38. gxf3 exf3+ 39. Kxf3 Rf7+ 40. Kg2
Re4 41. Rd4 Rff4 42. Rxe4 Rxe4 1/2-1/2

[Event "MP Reykjavik Open 2011"]
[Site "Reykjavik ISL"]
[Date "2011.03.11"]
[Round "3.38"]
[White "Johannesson, Ingvar Thor"]
[Black "Larusson, Petur Atli"]
[Result "1-0"]
[WhiteElo "2338"]
[BlackElo "2095"]
[PlyCount "55"]
[EventDate "2011.03.09"]
[EventType "swiss"]
[EventRounds "9"]
[EventCountry "ISL"]
[Source "lmi"]
[SourceDate "2011.03.09"]

1. c4 c5 2. g3 g6 3. Bg2 Bg7 4. Nc3 Nc6 5. Nf3 d6 6. O-O Rb8 7. a3 Nh6 8. Rb1
a6 9. b4 cxb4 10. axb4 b5 11. cxb5 axb5 12. d4 Nf5 13. e3 O-O 14. Bd2 d5 15.
Nxd5 Qxd5 16. Ne5 Qd6 17. Nxc6 Rb6 18. Na5 h5 19. Bc3 h4 20. Qf3 hxg3 21. hxg3
Qc7 22. Rfc1 g5 23. e4 g4 24. Qd3 Nh6 25. d5 Bxc3 26. Rxc3 Qd6 27. Nc6 f6 28.
Qe3 1-0

[Event "MP Reykjavik Open 2011"]
[Site "Reykjavik ISL"]
[Date "2011.03.11"]
[Round "3.39"]
[White "Horn, Emilia"]
[Black "Sigfusson, Sigurdur"]
[Result "1/2-1/2"]
[WhiteElo "2031"]
[BlackElo "2336"]
[PlyCount "70"]
[EventDate "2011.03.09"]
[EventType "swiss"]
[EventRounds "9"]
[EventCountry "ISL"]
[Source "lmi"]
[SourceDate "2011.03.09"]

1. e4 e5 2. Bc4 Nf6 3. d3 c6 4. Nf3 d5 5. Bb3 Bd6 6. Nc3 dxe4 7. Ng5 O-O 8.
Ngxe4 Nxe4 9. dxe4 Qf6 10. Qf3 Qxf3 11. gxf3 Kh8 12. Be3 Na6 13. O-O-O Be7 14.
Rhg1 Nc5 15. f4 exf4 16. Bxf4 Be6 17. Be5 f6 18. Bd6 Bxd6 19. Rxd6 Bxb3 20.
axb3 Rae8 21. f3 a5 22. Kd2 f5 23. Rg5 fxe4 24. fxe4 Nxe4+ 25. Nxe4 Rxe4 26.
Rd7 g6 27. Rxb7 Rh4 28. Rxa5 Rxh2+ 29. Kc3 Rh3+ 30. Kb4 Rh4+ 31. c4 Rg8 32. Rg5
Rg7 33. Rb8+ Rg8 34. Rb7 Rg7 35. Rb8+ Rg8 1/2-1/2

[Event "MP Reykjavik Open 2011"]
[Site "Reykjavik ISL"]
[Date "2011.03.11"]
[Round "3.40"]
[White "Getz, Nicolai"]
[Black "Mihajlov, Svetoslav"]
[Result "1-0"]
[WhiteElo "2333"]
[BlackElo "2087"]
[PlyCount "79"]
[EventDate "2011.03.09"]
[EventType "swiss"]
[EventRounds "9"]
[EventCountry "ISL"]
[Source "lmi"]
[SourceDate "2011.03.09"]

1. e4 g6 2. d4 Bg7 3. Nc3 c6 4. f4 d5 5. e5 Nh6 6. Be2 Qb6 7. Na4 Qa5+ 8. c3 f6
9. Nf3 Nd7 10. b4 Qc7 11. Be3 Nf8 12. h3 Nf7 13. O-O fxe5 14. fxe5 Ne6 15. Qd2
O-O 16. Nb2 b6 17. a4 a5 18. b5 c5 19. Rac1 c4 20. Bd1 Rd8 21. Bc2 Bf8 22. Nd1
Ng7 23. Nh4 Nh8 24. Rf3 Bd7 25. Nf2 Ne8 26. Nh1 Bg7 27. Rcf1 Qb7 28. Bg5 Be6
29. Qf2 Nc7 30. Bxe7 Rd7 31. Ba3 Rf7 32. Ng3 Bf8 33. Rxf7 Bxf7 34. Bxf8 Rxf8
35. Qf6 Ne8 36. Qg5 Be6 37. Ngf5 Nf7 38. Qg3 Ng7 39. Nxg7 Kxg7 40. Nxg6 1-0

[Event "MP Reykjavik Open 2011"]
[Site "Reykjavik ISL"]
[Date "2011.03.11"]
[Round "3.41"]
[White "Magnusson, Magnus"]
[Black "Karavade, Eesha"]
[Result "0-1"]
[WhiteElo "2026"]
[BlackElo "2330"]
[PlyCount "66"]
[EventDate "2011.03.09"]
[EventType "swiss"]
[EventRounds "9"]
[EventCountry "ISL"]
[Source "lmi"]
[SourceDate "2011.03.09"]

1. e4 c5 2. Nf3 d6 3. g3 Nc6 4. Bg2 g6 5. d3 Bg7 6. Be3 Rb8 7. Qd2 b5 8. Nc3 b4
9. Nd1 Qb6 10. O-O e6 11. Nh4 Nge7 12. Bh6 O-O 13. Bxg7 Kxg7 14. Ne3 Qc7 15. f4
f5 16. exf5 exf5 17. Rfe1 Bb7 18. c3 bxc3 19. bxc3 Ba8 20. Nf3 h6 21. d4 Kh7
22. Re2 cxd4 23. cxd4 Nb4 24. Rc1 Qd7 25. Rce1 Be4 26. d5 Nd3 27. Rd1 Qa4 28.
Ne1 Rb2 29. N1c2 Rc8 30. Bxe4 fxe4 31. Rf1 Nf5 32. Qd1 Nxe3 33. Nxe3 Qxd1 0-1

[Event "MP Reykjavik Open 2011"]
[Site "Reykjavik ISL"]
[Date "2011.03.11"]
[Round "3.42"]
[White "Geske, Julian"]
[Black "Salewski, Bernd"]
[Result "1-0"]
[WhiteElo "2329"]
[BlackElo "2056"]
[PlyCount "75"]
[EventDate "2011.03.09"]
[EventType "swiss"]
[EventRounds "9"]
[EventCountry "ISL"]
[Source "lmi"]
[SourceDate "2011.03.09"]

1. e4 e6 2. d4 d5 3. Nd2 Nf6 4. e5 Nfd7 5. c3 c5 6. Bd3 Nc6 7. Ne2 cxd4 8. cxd4
f6 9. exf6 Nxf6 10. Nf3 Bd6 11. O-O Qc7 12. g3 O-O 13. Bf4 Bd7 14. Rc1 Ne4 15.
Bxd6 Qxd6 16. Nc3 Nxc3 17. Rxc3 e5 18. dxe5 Nxe5 19. Nxe5 Qxe5 20. Qe2 Qxe2 21.
Bxe2 Bc6 22. Rd1 Rad8 23. Rd4 Rfe8 24. Kf1 Re4 25. Rxe4 dxe4 26. Bc4+ Kf8 27.
Ke2 g5 28. b4 b5 29. Be6 Rd6 30. Bf5 Rh6 31. Ke3 Ke7 32. h3 Kd6 33. Kd4 Bd7 34.
Ra3 Bc6 35. Ra6 Kc7 36. Bxe4 Rd6+ 37. Kc5 Bxe4 38. Rxd6 1-0

[Event "MP Reykjavik Open 2011"]
[Site "Reykjavik ISL"]
[Date "2011.03.11"]
[Round "3.43"]
[White "Thorsteinsdottir, Hallgerdur"]
[Black "Stigar, Petter"]
[Result "0-1"]
[WhiteElo "2011"]
[BlackElo "2328"]
[PlyCount "56"]
[EventDate "2011.03.09"]
[EventType "swiss"]
[EventRounds "9"]
[EventCountry "ISL"]
[Source "lmi"]
[SourceDate "2011.03.09"]

1. e4 c5 2. Nf3 g6 3. c3 Bg7 4. d4 cxd4 5. cxd4 d5 6. e5 Bg4 7. Bb5+ Nc6 8. h3
Bxf3 9. Qxf3 e6 10. Bxc6+ bxc6 11. b4 Ne7 12. Nd2 a5 13. Qc3 O-O 14. Ba3 f6 15.
f4 fxe5 16. fxe5 Nf5 17. Nf3 Ng3 18. Rg1 Ne4 19. Qe3 Rf7 20. g4 Qb6 21. b5 Qxb5
22. Nd2 Nxd2 23. Kxd2 Bf8 24. Rab1 Bb4+ 25. Bxb4 axb4 26. Rb2 Raf8 27. Rg2 Rf3
28. Qe2 Qb6 0-1

[Event "MP Reykjavik Open 2011"]
[Site "Reykjavik ISL"]
[Date "2011.03.11"]
[Round "3.44"]
[White "Lagerman, Robert"]
[Black "Kristinsson, Bjarni Jens"]
[Result "1/2-1/2"]
[WhiteElo "2320"]
[BlackElo "2039"]
[PlyCount "64"]
[EventDate "2011.03.09"]
[EventType "swiss"]
[EventRounds "9"]
[EventCountry "ISL"]
[Source "lmi"]
[SourceDate "2011.03.09"]

1. e4 e6 2. d4 d5 3. Nd2 dxe4 4. Nxe4 Nd7 5. g3 Ngf6 6. Nxf6+ Nxf6 7. Bg2 e5 8.
Nf3 Bg4 9. h3 Bxf3 10. Qxf3 c6 11. Qb3 Qc7 12. O-O Bd6 13. dxe5 Bxe5 14. f4
Bd4+ 15. Be3 O-O-O 16. Rad1 Bxe3+ 17. Qxe3 Qb6 18. Qxb6 axb6 19. g4 Rxd1 20.
Rxd1 Rd8 21. Rxd8+ Kxd8 22. Kf2 Ke7 23. Ke3 b5 24. Kd4 Kd6 25. c4 bxc4 26. Kxc4
h6 27. a4 Nd7 28. a5 Nc5 29. b4 Ne6 30. f5 Nf4 31. Bf1 Nd5 32. Be2 Nf4 1/2-1/2

[Event "MP Reykjavik Open 2011"]
[Site "Reykjavik ISL"]
[Date "2011.03.11"]
[Round "3.45"]
[White "Keetbaas, Herman"]
[Black "Ptacnikova, Lenka"]
[Result "0-1"]
[WhiteElo "1991"]
[BlackElo "2307"]
[PlyCount "52"]
[EventDate "2011.03.09"]
[EventType "swiss"]
[EventRounds "9"]
[EventCountry "ISL"]
[Source "lmi"]
[SourceDate "2011.03.09"]

1. e4 d5 2. exd5 Qxd5 3. Nc3 Qd6 4. d4 Nf6 5. Be2 a6 6. a4 Nc6 7. Be3 Bf5 8. g4
Bg6 9. Bf3 O-O-O 10. g5 Nd7 11. Nge2 e5 12. d5 Nb4 13. Ne4 Qxd5 14. Qxd5 Nxd5
15. O-O-O Nxe3 16. fxe3 Be7 17. N2c3 c6 18. h4 Kc7 19. Ng3 h6 20. h5 Bh7 21.
gxh6 gxh6 22. e4 Bg5+ 23. Kb1 Nc5 24. Rdf1 Rd4 25. Nge2 Rd2 26. Rh2 f6 0-1

[Event "MP Reykjavik Open 2011"]
[Site "Reykjavik ISL"]
[Date "2011.03.11"]
[Round "3.46"]
[White "Kovachev, Daniel Jakobsen"]
[Black "Hajenius, Willem"]
[Result "1-0"]
[WhiteElo "2307"]
[BlackElo "2028"]
[PlyCount "73"]
[EventDate "2011.03.09"]
[EventType "swiss"]
[EventRounds "9"]
[EventCountry "ISL"]
[Source "lmi"]
[SourceDate "2011.03.09"]

1. e4 c5 2. c3 Nf6 3. e5 Nd5 4. Nf3 Nc6 5. Bc4 e6 6. O-O Be7 7. d4 cxd4 8. cxd4
O-O 9. a3 d6 10. Qe2 dxe5 11. dxe5 Qc7 12. Bd3 f5 13. exf6 Nxf6 14. Nc3 e5 15.
Nb5 Qb8 16. Bc4+ Kh8 17. Ng5 a6 18. Nc3 Nd4 19. Qd3 Bf5 20. Qg3 Bg6 21. Bd3 Nh5
22. Qh3 Qe8 23. Rb1 Rd8 24. Bxg6 Qxg6 25. Nge4 Rf3 26. g3 Ne6 27. Qg2 Rdf8 28.
Be3 Nd4 29. Rbd1 Nc2 30. Bc1 Nd4 31. Be3 Nc2 32. Rd3 Bg5 33. Nxg5 Qxd3 34. Nxf3
Nxe3 35. fxe3 e4 36. Qd2 Qc4 37. Qd4 1-0

[Event "MP Reykjavik Open 2011"]
[Site "Reykjavik ISL"]
[Date "2011.03.11"]
[Round "3.47"]
[White "Piasetski, Leon"]
[Black "Puuska, Heini"]
[Result "1-0"]
[WhiteElo "2299"]
[BlackElo "2014"]
[PlyCount "107"]
[EventDate "2011.03.09"]
[EventType "swiss"]
[EventRounds "9"]
[EventCountry "ISL"]
[Source "lmi"]
[SourceDate "2011.03.09"]

1. c4 Nf6 2. Nc3 e6 3. d4 d5 4. Bg5 Be7 5. Nf3 c6 6. e3 Ne4 7. Bxe7 Qxe7 8. Qc2
Nxc3 9. Qxc3 O-O 10. Bd3 Nd7 11. O-O Re8 12. e4 dxc4 13. Bxc4 e5 14. Rad1 exd4
15. Nxd4 Nf8 16. Rfe1 Be6 17. Nf5 Bxf5 18. exf5 Qf6 19. Qxf6 gxf6 20. f3 Rad8
21. Kf2 Rxd1 22. Rxd1 Re7 23. Rd8 Kg7 24. Rb8 Rc7 25. Re8 b5 26. Bb3 a5 27. a4
Rb7 28. Re2 Nd7 29. axb5 cxb5 30. Bd5 Rb6 31. Re7 Ne5 32. f4 Rd6 33. Be6 Ng4+
34. Ke2 Nh6 35. Rb7 Rd4 36. Bd7 Rxf4 37. Rxb5 Re4+ 38. Kf3 Re5 39. Rxe5 fxe5
40. g4 Kf6 41. h4 Ke7 42. Bc8 f6 43. Be6 e4+ 44. Kf4 e3 45. Bc4 Kd6 46. g5
fxg5+ 47. hxg5 Nf7 48. g6 hxg6 49. fxg6 Ne5 50. g7 Ng6+ 51. Kxe3 Ne7 52. Kf4
Kc5 53. Bf7 a4 54. Ke5 1-0

[Event "MP Reykjavik Open 2011"]
[Site "Reykjavik ISL"]
[Date "2011.03.11"]
[Round "3.48"]
[White "Mack, Wolfgang"]
[Black "Brynjarsson, Helgi"]
[Result "1-0"]
[WhiteElo "2282"]
[BlackElo "2008"]
[PlyCount "57"]
[EventDate "2011.03.09"]
[EventType "swiss"]
[EventRounds "9"]
[EventCountry "ISL"]
[Source "lmi"]
[SourceDate "2011.03.09"]

1. c4 e5 2. Nc3 Nc6 3. g3 f5 4. Nf3 Nf6 5. d4 e4 6. Nh4 g6 7. Bg5 Bg7 8. Qd2
Ne7 9. f3 exf3 10. Nxf3 h6 11. Bf4 g5 12. Be3 d5 13. Ne5 dxc4 14. Bg2 c6 15.
Nxc4 Be6 16. Ne5 Qa5 17. O-O O-O-O 18. b4 Qxb4 19. Rab1 Qd6 20. Qb2 Qc7 21. Qa3
Ned5 22. Bxd5 Nxd5 23. Nb5 Qe7 24. Nxa7+ Kc7 25. Rxb7+ Kxb7 26. Rb1+ Ka8 27.
Qa4 Nc3 28. Qxc6+ Kxa7 29. d5+ 1-0

[Event "MP Reykjavik Open 2011"]
[Site "Reykjavik ISL"]
[Date "2011.03.11"]
[Round "3.49"]
[White "Reipsch, Jens"]
[Black "Andersen, Daniel"]
[Result "1-0"]
[WhiteElo "2247"]
[BlackElo "1983"]
[PlyCount "35"]
[EventDate "2011.03.09"]
[EventType "swiss"]
[EventRounds "9"]
[EventCountry "ISL"]
[Source "lmi"]
[SourceDate "2011.03.09"]

1. e4 e6 2. d4 d5 3. Nc3 Nf6 4. Bg5 dxe4 5. Nxe4 Be7 6. Bxf6 gxf6 7. Nf3 f5 8.
Nc3 Bf6 9. Qd3 b6 10. O-O-O Bb7 11. d5 c6 12. dxe6 fxe6 13. Qe3 Qe7 14. Bc4 e5
15. Qh6 Nd7 16. Qh5+ Kd8 17. Qxf5 Kc7 18. Rxd7+ 1-0

[Event "MP Reykjavik Open 2011"]
[Site "Reykjavik ISL"]
[Date "2011.03.11"]
[Round "3.50"]
[White "Reppen, Ellisiv"]
[Black "Thorgeirsson, Sverrir"]
[Result "0-1"]
[WhiteElo "1963"]
[BlackElo "2233"]
[PlyCount "111"]
[EventDate "2011.03.09"]
[EventType "swiss"]
[EventRounds "9"]
[EventCountry "ISL"]
[Source "lmi"]
[SourceDate "2011.03.09"]

1. e4 e6 2. d4 d5 3. Nc3 Nf6 4. Bg5 dxe4 5. Nxe4 Be7 6. Bxf6 gxf6 7. Nf3 a6 8.
Bd3 f5 9. Ng3 b6 10. c3 Bb7 11. Qe2 Nd7 12. O-O-O O-O 13. Nh5 Nf6 14. Nxf6+
Bxf6 15. Rhg1 Kh8 16. Ne5 Qe7 17. f4 Rg8 18. g4 Bxe5 19. dxe5 Qh4 20. Bc2 Rad8
21. Rxd8 Rxd8 22. Rd1 Rxd1+ 23. Bxd1 Kg7 24. Kb1 Be4+ 25. Ka1 Qd8 26. gxf5 Bxf5
27. Bc2 Bg6 28. a3 a5 29. Bxg6 hxg6 30. Kb1 Qd7 31. Kc1 Qc6 32. Qd2 Qh1+ 33.
Kc2 Qe4+ 34. Kc1 a4 35. Kd1 b5 36. Kc1 c6 37. Kd1 g5 38. fxg5 Qxe5 39. h4 Kg6
40. Qc2+ Qf5 41. h5+ Kxh5 42. Qh2+ Kxg5 43. Qd2+ Kf6 44. Qd8+ Kg7 45. Kc1 Qd5
46. Qh4 Kf8 47. Qh8+ Ke7 48. Qh4+ Kd7 49. Qf6 e5 50. Qf5+ Kc7 51. Qf2 Kb7 52.
Qf6 Qe6 53. Qf2 e4 54. Qe3 Qe5 55. Qd2 Qf5 56. Qd6 0-1

[Event "MP Reykjavik Open 2011"]
[Site "Reykjavik ISL"]
[Date "2011.03.11"]
[Round "3.51"]
[White "Ingason, Sigurdur"]
[Black "Spaan, Nathanael"]
[Result "1/2-1/2"]
[WhiteElo "1918"]
[BlackElo "2228"]
[PlyCount "98"]
[EventDate "2011.03.09"]
[EventType "swiss"]
[EventRounds "9"]
[EventCountry "ISL"]
[Source "lmi"]
[SourceDate "2011.03.09"]

1. d4 Nf6 2. Nf3 e6 3. e3 b6 4. Bd3 Bb7 5. O-O Be7 6. c4 Ne4 7. Qc2 f5 8. Nbd2
Nxd2 9. Nxd2 O-O 10. a3 Bf6 11. Rb1 c5 12. d5 exd5 13. cxd5 Bxd5 14. Bxf5 g6
15. Bd3 Nc6 16. b3 Rf7 17. Bb2 Bxb2 18. Qxb2 Qe7 19. Qc2 Re8 20. Bc4 Bxc4 21.
Qxc4 Ne5 22. Qd5 Qe6 23. Qxe6 Rxe6 24. Ne4 h6 25. Rbd1 Nc6 26. Nc3 Na5 27. b4
Nc4 28. bxc5 bxc5 29. Rd5 Nxa3 30. Rxc5 Rc6 31. Na4 Rxc5 32. Nxc5 d6 33. Ne4
Nc4 34. Rd1 Rc7 35. g3 Rc6 36. Rd4 a5 37. Nd2 Nxd2 38. Rxd2 a4 39. Ra2 Ra6 40.
Ra3 Kf7 41. Kf1 Ke6 42. Ke2 Kd5 43. Kd3 Kc5 44. Kc3 Kb5 45. Kb2 Kb4 46. Rd3 Rc6
47. Rd4+ Kb5 48. Rd5+ Kb4 49. Rd4+ Kb5 1/2-1/2

[Event "MP Reykjavik Open 2011"]
[Site "Reykjavik ISL"]
[Date "2011.03.11"]
[Round "3.52"]
[White "Einarsson, Halldor Gretar"]
[Black "Plug, Arjan"]
[Result "1-0"]
[WhiteElo "2220"]
[BlackElo "1965"]
[PlyCount "51"]
[EventDate "2011.03.09"]
[EventType "swiss"]
[EventRounds "9"]
[EventCountry "ISL"]
[Source "lmi"]
[SourceDate "2011.03.09"]

1. d4 Nf6 2. c4 Nc6 3. Nf3 e6 4. g3 Bb4+ 5. Bd2 a5 6. Bg2 O-O 7. O-O Bxd2 8.
Qxd2 d6 9. Rd1 Qe7 10. Nc3 Rd8 11. Rac1 h6 12. e3 Nb8 13. Ne1 c6 14. f4 Nbd7
15. Nd3 Nb6 16. b3 Nbd7 17. e4 Nf8 18. e5 Ne8 19. d5 dxe5 20. fxe5 exd5 21.
cxd5 cxd5 22. Nxd5 Qe6 23. N3f4 Qxe5 24. Ne7+ Qxe7 25. Qxd8 Qe3+ 26. Kh1 1-0

[Event "MP Reykjavik Open 2011"]
[Site "Reykjavik ISL"]
[Date "2011.03.11"]
[Round "3.53"]
[White "Omarsson, Dadi"]
[Black "Rutten, David"]
[Result "1-0"]
[WhiteElo "2214"]
[BlackElo "1880"]
[PlyCount "61"]
[EventDate "2011.03.09"]
[EventType "swiss"]
[EventRounds "9"]
[EventCountry "ISL"]
[Source "lmi"]
[SourceDate "2011.03.09"]

1. e4 c5 2. Nf3 Nc6 3. d4 cxd4 4. Nxd4 e5 5. Nb5 d6 6. N1c3 a6 7. Na3 Be7 8.
Nc4 b5 9. Ne3 Nf6 10. Bd3 Be6 11. a4 b4 12. Ncd5 O-O 13. O-O a5 14. Bd2 Rb8 15.
c3 bxc3 16. bxc3 Qd7 17. Bb5 Rfc8 18. Qf3 Qd8 19. Ba6 Rb2 20. Bxc8 Qxc8 21. Bc1
Rb3 22. Qd1 Qb8 23. Qc2 Nd7 24. Ba3 Nc5 25. Rfb1 Rxb1+ 26. Rxb1 Qa7 27. Bxc5
dxc5 28. Qb3 Bd8 29. Qb7 Qxb7 30. Rxb7 g6 31. Rb5 1-0

[Event "MP Reykjavik Open 2011"]
[Site "Reykjavik ISL"]
[Date "2011.03.11"]
[Round "3.54"]
[White "Johannsson, Orn Leo"]
[Black "Vovk, Oksana"]
[Result "1/2-1/2"]
[WhiteElo "1859"]
[BlackElo "2204"]
[PlyCount "46"]
[EventDate "2011.03.09"]
[EventType "swiss"]
[EventRounds "9"]
[EventCountry "ISL"]
[Source "lmi"]
[SourceDate "2011.03.09"]

1. d4 Nf6 2. Nf3 d5 3. e3 c5 4. b3 Nc6 5. Ne5 cxd4 6. exd4 Qb6 7. Bb2 Ne4 8.
Nxc6 bxc6 9. Bd3 Bf5 10. O-O e6 11. Nd2 Nxd2 12. Qxd2 Bxd3 13. Qxd3 Be7 14. c4
O-O 15. c5 Qb7 16. Bc3 a5 17. Rab1 Qa6 18. Qxa6 Rxa6 19. f4 f6 20. Rfe1 Kf7 21.
Re2 Re8 22. Rbe1 Bf8 23. g3 g6 1/2-1/2

[Event "MP Reykjavik Open 2011"]
[Site "Reykjavik ISL"]
[Date "2011.03.11"]
[Round "3.55"]
[White "Thorhallsson, Gylfi"]
[Black "Mihajlov, Sebastian"]
[Result "1-0"]
[WhiteElo "2200"]
[BlackElo "1871"]
[PlyCount "101"]
[EventDate "2011.03.09"]
[EventType "swiss"]
[EventRounds "9"]
[EventCountry "ISL"]
[Source "lmi"]
[SourceDate "2011.03.09"]

1. e4 e5 2. Nf3 Nc6 3. Bb5 a6 4. Ba4 Nf6 5. O-O Be7 6. Re1 b5 7. Bb3 d6 8. c3
O-O 9. d4 Bg4 10. Be3 exd4 11. cxd4 Na5 12. Bc2 Nc4 13. Bc1 c5 14. b3 Nb6 15.
Nbd2 Nfd7 16. h3 Bh5 17. Bb2 cxd4 18. Bxd4 Bf6 19. g4 Bg6 20. Nf1 Nc5 21. Rc1
Nbd7 22. Qd2 Bxd4 23. Qxd4 Qf6 24. Qxf6 gxf6 25. Rcd1 Ne5 26. N3h2 Ne6 27. Rxd6
Nf4 28. Rxf6 Nxh3+ 29. Kg2 Kg7 30. Rd6 Rfc8 31. Rd2 Rc3 32. Re3 Rac8 33. Kxh3
Rxc2 34. Rxc2 Rxc2 35. f4 Bxe4 36. Rxe4 Nd3 37. Kg3 Rxa2 38. Nf3 Rb2 39. N1d2
Nc5 40. Re3 b4 41. f5 a5 42. g5 h6 43. Kg4 hxg5 44. Kxg5 Rc2 45. Re7 Rc3 46.
Ne5 Kg8 47. Ra7 Nxb3 48. Ne4 Rc1 49. Nf6+ Kh8 50. Ra8+ Kg7 51. Rg8# 1-0

[Event "MP Reykjavik Open 2011"]
[Site "Reykjavik ISL"]
[Date "2011.03.11"]
[Round "3.56"]
[White "Jonsson, Olafur Gisli"]
[Black "Halldorsson, Jon Arni"]
[Result "0-1"]
[WhiteElo "1842"]
[BlackElo "2195"]
[PlyCount "120"]
[EventDate "2011.03.09"]
[EventType "swiss"]
[EventRounds "9"]
[EventCountry "ISL"]
[Source "lmi"]
[SourceDate "2011.03.09"]

1. d4 d5 2. Nf3 Nf6 3. e3 Bg4 4. h3 Bh5 5. c4 c6 6. Nc3 e6 7. Qb3 Qc7 8. Ne5
Nbd7 9. g4 Bg6 10. Nxg6 hxg6 11. Bg2 Be7 12. cxd5 exd5 13. Bd2 Nb6 14. O-O-O
O-O-O 15. Kb1 Nc4 16. Ka1 Kb8 17. Bc1 Ka8 18. Rhe1 Qh2 19. Rg1 Nd6 20. f3 Nc8
21. Ne2 Qc7 22. e4 Qb6 23. Qc2 Rhe8 24. Be3 Nh7 25. Qc1 Nd6 26. Rd3 Nc4 27. Rb3
Qa6 28. Bf1 Nxe3 29. Qxe3 dxe4 30. Nc3 Qa5 31. fxe4 Ng5 32. Bg2 Ne6 33. Rd1
Rxd4 34. Rf1 Bc5 35. Qc1 Rd7 36. Ne2 f6 37. Rbf3 Ng5 38. Rc3 Ne6 39. e5 fxe5
40. Be4 Red8 41. a3 Qb5 42. Rc2 Nd4 43. Nxd4 Bxd4 44. Ka2 Kb8 45. Bxg6 Qd5+ 46.
Kb1 Qb3 47. Bf5 Rd6 48. h4 Qb5 49. h5 Be3 50. Qe1 Bf4 51. Rh1 a5 52. Qc3 a4 53.
Rh3 Rd1+ 54. Ka2 Qf1 55. b3 R8d2 56. bxa4 Qg2 57. Rxd2 Rxd2+ 58. Kb3 Qd5+ 59.
Qc4 Rb2+ 60. Kc3 Qd2# 0-1

[Event "MP Reykjavik Open 2011"]
[Site "Reykjavik ISL"]
[Date "2011.03.11"]
[Round "3.57"]
[White "Hreinsson, Kristjan"]
[Black "Locci, Damiano"]
[Result "1-0"]
[WhiteElo "1792"]
[BlackElo "2177"]
[PlyCount "57"]
[EventDate "2011.03.09"]
[EventType "swiss"]
[EventRounds "9"]
[EventCountry "ISL"]
[Source "lmi"]
[SourceDate "2011.03.09"]

1. e4 e6 2. f4 d5 3. e5 c5 4. Nf3 d4 5. d3 Be7 6. Nbd2 Nh6 7. Ne4 O-O 8. Bd2
Nc6 9. g3 Nf5 10. a3 b6 11. Qe2 Bb7 12. h4 Na5 13. Rh3 c4 14. g4 Nxh4 15. Nfg5
Bxg5 16. Nxg5 h6 17. Rxh4 hxg5 18. fxg5 f5 19. gxf6 Kf7 20. g5 Ke8 21. Bxa5
bxa5 22. Qh5+ Kd7 23. Rxd4+ Bd5 24. dxc4 Qb6 25. O-O-O Rab8 26. b3 Rfc8 27.
Qf7+ Kc6 28. cxd5+ exd5 29. Qxd5+ 1-0

[Event "MP Reykjavik Open 2011"]
[Site "Reykjavik ISL"]
[Date "2011.03.11"]
[Round "3.58"]
[White "Helgadottir, Sigridur Bjorg"]
[Black "Sahl, Sheila Barth"]
[Result "0-1"]
[WhiteElo "1712"]
[BlackElo "2173"]
[PlyCount "132"]
[EventDate "2011.03.09"]
[EventType "swiss"]
[EventRounds "9"]
[EventCountry "ISL"]
[Source "lmi"]
[SourceDate "2011.03.09"]

1. c4 Nf6 2. Nc3 e5 3. g3 c6 4. Nf3 d6 5. Bg2 Be7 6. O-O h6 7. d3 a5 8. Bd2 O-O
9. Rc1 Na6 10. h3 Nc5 11. d4 exd4 12. Nxd4 Bd7 13. Kh2 Re8 14. Qc2 Bf8 15. Rcd1
g6 16. a3 Ne6 17. Nxe6 Bxe6 18. b3 Qe7 19. Bf4 Rad8 20. Rd2 d5 21. cxd5 Nxd5
22. Bxd5 Bxd5 23. Rfd1 Qxa3 24. Nxd5 cxd5 25. Rxd5 Rc8 26. Qd3 Qb2 27. Rd2 Qf6
28. Rd7 Bc5 29. e3 Bb4 30. Rc2 Rxc2 31. Qxc2 g5 32. Bc7 Rc8 33. Kg1 Bd6 34. Qc4
Bxc7 35. Rxc7 Rd8 36. Rc8 b6 37. Rxd8+ Qxd8 38. Qb5 Qd6 39. Kg2 Kg7 40. Qc4 Kg6
41. Qc2+ Kg7 42. Qc3+ f6 43. Qc4 Qd7 44. e4 b5 45. Qc3 a4 46. bxa4 bxa4 47. g4
Qb7 48. f3 Qb5 49. Qc7+ Kg8 50. Qc8+ Kf7 51. Qc7+ Ke6 52. Qc8+ Ke7 53. Qc7+ Ke6
54. Qc8+ Kd6 55. Qd8+ Ke6 56. Qc8+ Qd7 57. Qc4+ Ke7 58. Qc5+ Kf7 59. Qc4+ Kg7
60. Qc3 Qd6 61. Qb2 a3 62. Qb7+ Kg6 63. Qc8 Kf7 64. Qb7+ Qe7 65. Qb3+ Kg7 66.
h4 gxh4 0-1

[Event "MP Reykjavik Open 2011"]
[Site "Reykjavik ISL"]
[Date "2011.03.11"]
[Round "3.59"]
[White "Rothe, Guido"]
[Black "Benediktsson, Frimann"]
[Result "1-0"]
[WhiteElo "2171"]
[BlackElo "1917"]
[PlyCount "61"]
[EventDate "2011.03.09"]
[EventType "swiss"]
[EventRounds "9"]
[EventCountry "ISL"]
[Source "lmi"]
[SourceDate "2011.03.09"]

1. e4 c5 2. Nf3 Nc6 3. d4 cxd4 4. Nxd4 g6 5. c4 Bg7 6. Be3 Nf6 7. Nc3 O-O 8.
Be2 d6 9. O-O Bd7 10. Rc1 Nxd4 11. Bxd4 Bc6 12. f3 Nd7 13. Bxg7 Kxg7 14. Qd2 b6
15. f4 Nf6 16. Qe3 e5 17. Rcd1 Qe7 18. f5 Ne8 19. Rf3 f6 20. Rh3 g5 21. Bh5 Rd8
22. Rg3 h6 23. h4 Rd7 24. Kf2 Rh8 25. Rh1 Rd8 26. Rgh3 Nc7 27. hxg5 fxg5 28.
Ne2 Qf6 29. Ng3 Kf8 30. Bg6 Qg7 31. Rxh6 1-0